Guardians of the Galaxy Vol. 2 Soundtrack - Statistics

General Stats
  • This quiz has been taken 108 times
  • The average score is 8 of 14
Answer Stats
Artist Song % Correct
Electric Light Orchestra Mr. Blue Sky
89%
Fleetwood Mac The Chain
84%
Cat Stevens Father and Son
77%
Looking Glass Brandy (You're a Fine Girl)
69%
Jay and the Americans Come a Little Bit Closer
68%
Glen Campbell Southern Nights
63%
George Harrison My Sweet Lord
60%
Sweet Fox on the Run
59%
Aliotta Haynes Jeremiah Lake Shore Drive
53%
Cheap Trick Surrender
51%
Parliament Flash Light
47%
Silver Wham Bam Shang-A-Lang
47%
Sam Cooke Bring It On Home to Me
43%
The Sneepers feat. David Hasselhoff Guardians Inferno
36%
No matching quizzes found
Score Distribution
Percent of People with Each Score
Percentile by Number Answered
Your Score History
You have not taken this quiz